Statistics for Most Expensive Cities Quiz

Click here to take the quiz!

General Stats

  • This quiz has been taken 65,913 times
    (17,154 since last reset)
  • The average score is 16 of 25

Answer Stats

Price Index Continent City % Correct
235North AmericaNew York City
97%
222EuropeLondon
95%
186EuropeParis
95%
203North AmericaLos Angeles
90%
193OceaniaSydney
81%
198AsiaTokyo
80%
239North AmericaSan Francisco
75%
183Middle EastDubai
74%
189North AmericaChicago
71%
211EuropeOslo
67%
203North AmericaWashington D.C.
62%
189AsiaSingapore
62%
187North AmericaMiami
62%
199North AmericaBoston
61%
183EuropeAmsterdam
58%
190EuropeCopenhagen
57%
222AsiaHong Kong
57%
240EuropeZurich
56%
195North AmericaSeattle
53%
207EuropeBern
52%
183OceaniaAuckland
46%
230EuropeGeneva
45%
198EuropeDublin
43%
185Middle EastDoha
32%
199North AmericaHonolulu
12%

Score Distribution

Percentile by Number Answered

Percent of People with Each Score

Your Score History

You have not taken this quiz since the last reset